000 00666nam a2200217Ia 4500
005 20250508154655.0
008 008 250505s9999 xx 000 0 eng d
037 _aBooks to be hide in OPAC
040 _aFEDL
_beng
_cFEDL
041 _aeng
_2eng
084 _a001.422, FER
_qFEDL
100 _aFerguson George A.
_948373
245 0 _aSatatistical analysis in psychology and education
250 _a2nd
260 _aNew York, USA
_bMcGraw Hill Book Company
_c1966
300 _ax,446p
490 _aMcGraw - Hill series in psychology
650 _aStatististical methods
_9765831
942 _cHB
_h001.422, FER
999 _c1351528
_d1351528